00547nam a2200205 a 4500001001300000003000900013005001700022008004100039020001000080082001900090100002000109245004100129260004800170300000900218500003500227505002400262650001600286650001500302650002400317nice12345678IN_TiNIC20260116015204.0050524s1999 dela grp 000 0 eng  ac10000a704.94897bMIC aMichell, George aNew Cambridge History India Vol. 1;7 aDelhibIndian Publishers Distributorsc1999 a297p aincludes index and biblioraphy2 aBibliography, Index aArt-Islamic aArt-Mughal aArchitecture-Mughal